All Italian Clubs to participate in the UCL - Statistics

General Stats
  • This quiz has been taken 22 times
  • The average score is 10 of 13
Answer Stats
# of times participated Clubs % Correct
22 AC Milan
100%
21 Inter Milan
100%
26 Juventus
100%
12 AS Roma
94%
6 Atalanta
89%
8 Lazio
89%
10 Napoli
89%
1 Sampdoria
78%
1 Bologna
72%
3 Fiorentina
72%
3 Udinese
72%
3 Parma
61%
1 Chievo
28%
No matching quizzes found
Score Distribution
Percent of People with Each Score
Percentile by Number Answered
Your Score History
You have not taken this quiz